[Event "Interzonal-16"]
[Site "Biel"]
[Date "1993.??.??"]
[Round "12"]
[White "Gurevich, Mikhail"]
[Black "Ivanchuk, Vassily"]
[Result "1/2-1/2"]
[WhiteElo "2605"]
[BlackElo "2705"]
[Annotator "Ftacnik,L"]
[PlyCount "76"]
[EventDate "1993.07.16"]
[EventType "swiss"]
[EventRounds "13"]
[EventCountry "SUI"]
[SourceTitle "CBM 037"]
[Source "ChessBase"]
[SourceDate "1993.12.01"]
[SourceVersion "1"]
[SourceVersionDate "1993.12.01"]
[SourceQuality "1"]

1. d4 {Knaak} Nf6 2. c4 g6 3. Nc3 Bg7 4. e4 d6 5. Nf3 O-O 6. Be2 e5 7. O-O Nc6
8. d5 Ne7 9. Nd2 a5 10. a3 Nd7 11. Rb1 f5 12. b4 Kh8 13. f3 Ng8 14. Qc2 Ngf6
15. Bd3 f4 16. Nb5 b6 17. Bb2 Rg8 $5 (17... Ne8 18. Nb3 $5 (18. Be2 g5 (18...
h5 19. Rfc1 (19. Bc3 a4 $8 20. c5 $2 bxc5 21. Nc4 g5 22. h3 $6 cxb4 $1 23. axb4
Nb6 $17 {Hertneck,G-Piket,Je/Manila ol/1992/}) (19. c5 $1 bxc5 20. bxc5 Nxc5
21. a4 $1 Rf7 $5 22. Rfc1 g5 23. Ba3 Bf8 24. Bxc5 {Gurevich,M-Van Wely,L/Wijk
aan Zee op/1993/}) 19... g5 20. c5 $5 bxc5 21. bxc5 Nxc5 22. a4 g4 23. Ba3 Na6
24. Qc3 $13 {Epishin,V-Polgar,J/Dos Hermanas (6)/1993/}) 19. g4 h5 (19... fxg3
20. hxg3 g4 21. fxg4 Qg5 22. Qd3 $1 Ndf6 23. Nf3 Qxg4 24. Nxe5 $16 {Gurevich,
M-Gelfand,B/Munchen/1992/}) 20. h3 Rf7 21. Nb3 $5 a4 $5 22. Nc1 Bf6 23. Nd3 Rh7
24. Kg2 $14 {Gurevich,M-Ye,Jiangchuan/Manila ol/1992/}) 18... a4 19. Nc1 h5 $1
20. Be2 g5 21. Nd3 Ndf6 22. c5 Nh7 $1 23. Nf2 Rg8 $6 24. cxb6 $14 {Vidoniak,
R-Milu,R/Turnu Severin/1992/}) (17... g5 18. Be2 h5 19. c5 bxc5 20. bxc5 Nxc5
21. Bxe5 Ba6 (21... g4 $5 22. fxg4 $5 Nxg4 23. Bxg7+ Kxg7 24. Nb3 $1 $16 {
Gurevich,M-Khalifman,A/Munchen/1992/}) 22. Bd4 Nfd7 23. Bxg7+ Kxg7 24. Nc4 $14
{Psakhis,L-Hellers,F/Philadelphia World op (8)/1992/}) 18. c5 $5 (18. Be2 Bf8
$1 $13) (18. Be2 {Knaak}) 18... bxc5 19. bxc5 Nxc5 20. Bxe5 Nxd3 (20... dxe5
21. Qxc5 $16) 21. Bxf6 Qxf6 22. Qxd3 Ba6 23. a4 (23. Nc4 Rgb8 24. a4 Bxb5 25.
axb5 Qd4+ 26. Qxd4 Bxd4+ 27. Kh1 a4 $17) 23... Rgb8 (23... Bxb5 24. Rxb5 Qd4+
25. Qxd4 Bxd4+ 26. Kh1 $14) 24. Kh1 $1 (24. Rb3 Bxb5 25. Rxb5 Qd4+ $1 26. Qxd4
Bxd4+ 27. Kh1 Rxb5 28. axb5 a4 $19) 24... Rb7 25. Rfc1 Rab8 26. Qc2 Bxb5 27.
Rxb5 Rxb5 28. axb5 Rxb5 (28... Rb7 29. Qc6 Ra7 30. Qd7 $16) 29. Qxc7 h6 (29...
a4 30. e5 $1 dxe5 31. Ne4 Qf8 32. d6 $16) (29... h5 $17 {Knaak}) 30. e5 $1 Qxe5
(30... dxe5 31. Ne4 $16) 31. Ne4 Kh7 (31... Rxd5 32. Qf7 Kh7 33. Nf6+ Qxf6 34.
Qxd5 $16) 32. h3 (32. Qf7 a4 33. h3 a3 34. Rc8 h5 35. Ra8 Rb1+ 36. Kh2 Qa1 $19)
32... Rxd5 (32... a4 33. Qa7 $1 (33. Qd7 $2 Ra5 34. Rc7 a3 35. Qxg7+ Qxg7 36.
Nf6+ Kh8 37. Rc8+ Qf8 38. Rxf8+ Kg7 $19) 33... Qd4 34. Rc7 $1 Qxa7 35. Rxa7 g5
36. Nxd6 Rxd5 37. Ne8 $18) 33. Qf7 Rd4 34. Rc7 Rxe4 $1 35. fxe4 a4 36. Qe7 Qa1+
(36... a3 37. Qxe5 dxe5 38. Ra7 $16) 37. Kh2 Qb2 (37... a3 38. e5 (38. Ra7 {
Knaak} Qb2 39. e5 $10) 38... Qxe5 39. Qxe5 dxe5 40. Ra7 $10) 38. e5 $1 Qxe5 (
38... Qxe5 39. Qxe5 dxe5 40. Ra7 e4 41. Rxa4 e3 42. Kg1 (42. Re4 {Knaak} g5 43.
g3 Kg6 44. Kg2 Kf5 45. Kf3 Be5 46. gxf4 gxf4 47. Rxe3 fxe3 48. Kxe3 $10) 42...
g5 43. Kf1 $10) 1/2-1/2

[Event "Podolsk"]
[Site "Podolsk"]
[Date "1993.??.??"]
[Round "?"]
[White "Chernin, Alexander"]
[Black "Ehlvest, Jaan"]
[Result "1/2-1/2"]
[WhiteElo "2615"]
[BlackElo "2620"]
[Annotator "Belov,I"]
[PlyCount "129"]
[EventDate "1993.10.??"]
[EventType "tourn"]
[EventRounds "9"]
[EventCountry "RUS"]
[EventCategory "14"]
[SourceTitle "CBM 038"]
[Source "ChessBase"]
[SourceDate "1994.02.01"]
[SourceVersion "1"]
[SourceVersionDate "1994.02.01"]
[SourceQuality "1"]

1. d4 Nf6 2. c4 g6 3. Nc3 Bg7 4. e4 d6 5. Nf3 O-O 6. Be2 e5 7. O-O Nc6 8. d5
Ne7 9. Nd2 a5 10. Rb1 Nd7 11. a3 f5 12. b4 Kh8 13. f3 Ng8 14. Qc2 Ngf6 15. Bd3
f4 16. Be2 {Chernin/} (16. Nb5 b6 17. Bb2 Rg8 $5 $146 18. c5 bxc5 19. bxc5 Nxc5
20. Bxe5 Nxd3 21. Bxf6 Qxf6 22. Qxd3 Ba6 $13 {Gurevich,M-Ivanchuk,V /Biel/1993/
}) 16... Rg8 $5 $146 (16... h5 17. c5 dxc5 18. bxc5 Nxc5 19. Nb5 Nfd7 (19... b6
20. a4 g5 21. Ba3 g4 $6 22. Bxc5 bxc5 23. Qxc5 $16 {Chernin,A-Marin,M /
Odorheiu Secuiesc/1993/}) 20. a4 b6 21. Ba3 Rf6 22. Nc4 Bf8 $10 {Ehlvest,
J-Wojtkiewicz,A /Rakvere/1993/}) (16... g5 17. Nb5 b6 18. Bb2 Ne8 19. g4 $1 $16
{Chernin,A-Istratescu,A /Odorheiu Secuiesc/1993/}) 17. Na4 (17. Nb5 Bf8 18. Nb3
b6 19. Bb2 g5 20. c5 bxc5 21. bxc5 dxc5 $13) (17. c5 axb4 18. axb4 dxc5 19.
bxc5 Nxc5 20. Nb5 Bf8 21. Nb3 b6 22. Ba3 $13) 17... axb4 18. axb4 Bf8 19. c5
Be7 20. c6 bxc6 21. dxc6 Nf8 22. b5 (22. Bb2 $5 Ne6 23. Bc4) 22... Ne6 23. Bb2
g5 24. Bc4 $1 g4 $6 (24... Qe8 $5 25. Qb3 Bd8) 25. Qb3 Rg6 $1 26. Bxe6 (26. Ra1
gxf3 (26... Nd4 $2 27. Bxd4 exd4 28. b6 cxb6 29. Qxb6 $16) 27. Rxf3 Ng5 $17)
26... Bxe6 27. Qxe6 Rxa4 (27... Nxe4 $6 28. Bxe5+ $1 dxe5 29. Qxe5+ Nf6 30. Ne4
Rxa4 31. b6 $1 $16) 28. Qb3 (28. b6 cxb6 29. c7 Qxc7 30. Rfc1 Qb7 $1 (30... Qd7
$2 31. Rc8+ Rg8 32. Rxg8+ $18) 31. Rc8+ Ng8 $17) 28... gxf3 $1 (28... Ra8 29.
Kh1 $5) 29. Rxf3 (29. Qxa4 $6 Rxg2+ 30. Kh1 Rxd2 31. Rxf3 Ng4 $17) 29... Ra8
30. Kh1 Qc8 31. h3 Qg8 $5 32. Qxg8+ Rgxg8 $13 33. Ra3 Kg7 34. Bc1 (34. Rba1 $5
Rxa3 35. Rxa3 Rb8 36. Rb3) 34... Rxa3 35. Bxa3 Ra8 36. Bb4 Kf7 37. b6 $5 (37.
Kg1 Ra2 38. Rc1 Rb2 39. Rc4 Bd8 $17) 37... cxb6 38. Nc4 Ne8 (38... Nxe4 $2 39.
Nxb6 Rg8 40. c7 $18) 39. Nxb6 (39. Be1 $2 b5 $1 40. Rxb5 Ra1 $19) (39. Bc3 $1
$16) 39... Ra6 40. Be1 Bd8 41. Bf2 Ra2 42. Kg1 Bxb6 (42... Rc2 $5 43. Nd5 Rxc6
44. Rb7+ Ke6 (44... Kg6 45. Rb8 $18) 45. Rxh7 Rc1+ 46. Kh2 Rc4 47. Rh8 Kf7 $15)
43. Rxb6 Rc2 44. Bh4 $8 Nf6 45. Rb7+ Ke6 46. Bxf6 $8 Kxf6 47. Rc7 h5 48. h4 Rc4
49. Rc8 Ke7 (49... Rxe4 $2 50. Rf8+ Ke7 51. c7 $18) 50. Rc7+ Ke6 51. Rc8 Ke7
52. Rc7+ Ke6 53. Rc8 d5 $5 54. Re8+ Kd6 55. Rd8+ Kxc6 56. exd5+ $1 Kc7 57. Re8
Kd6 (57... e4 58. Re6 e3 59. g3 $10) 58. Rd8+ Ke7 59. Rh8 Kd6 60. Rd8+ Ke7 61.
Rh8 Rc1+ 62. Kf2 e4 63. Rxh5 e3+ 64. Ke2 Rc2+ 65. Kf1 1/2-1/2

[Event "Groningen PCA"]
[Site "Groningen"]
[Date "1993.??.??"]
[Round "2"]
[White "Lutz, Christopher"]
[Black "Smirin, Ilia"]
[Result "0-1"]
[WhiteElo "2605"]
[BlackElo "2640"]
[Annotator "Belov,I"]
[PlyCount "72"]
[EventDate "1993.12.??"]
[EventType "swiss"]
[EventRounds "11"]
[EventCountry "NED"]
[SourceTitle "CBM 039"]
[Source "ChessBase"]
[SourceDate "1994.04.01"]
[SourceVersion "1"]
[SourceVersionDate "1994.04.01"]
[SourceQuality "1"]

1. d4 Nf6 2. c4 g6 3. Nc3 Bg7 4. e4 d6 5. Nf3 O-O 6. Be2 e5 7. O-O Nc6 8. d5
Ne7 9. b4 a5 10. bxa5 (10. Ba3 axb4 11. Bxb4 b6 12. a4 Ne8 13. Nb5 (13. Qb3 Rb8
14. Qa3 (14. Nb5 f5 15. Nd2 Nf6 16. a5 bxa5 17. Bxa5 Nxe4 18. Nxe4 fxe4 19. Qa2
Rb7 20. c5 $44) 14... f5 15. a5 c5 16. dxc6 Nxc6 17. axb6 fxe4 $13 {Ruzele,
D-Malishauskas,V/Vilnius(zt)/1993/ inf 57/609/}) 13... f5 14. Nd2 c6 15. dxc6
Nxc6 16. Qb3 Nxb4 17. Qxb4 Bb7 $10 {Rahman,Zia-Shirov,A/Manila(ol)/1992/0,5 
(22) Inf 55/627/}) 10... Rxa5 $5 $146 (10... c5 11. Bd2 (11. Rb1 Rxa5 12. Bd2
Ra6 13. Rb3 Ne8 14. Qb1 Kh8 15. Rc1 Ng8 16. Rc2 Bh6 $10 {Lobron,E-Brunner,L/
Bielefeld/1992/}) (11. Nd2 Rxa5 12. Rb1 Nd7 13. Bg4 f5 14. Bh3 Nf6 15. Rb5 Ra6
$10 {Dumitrache,D-Bologan,V/Cappelle la Grande/1992/0:1 (36) Inf 55/627/}) (11.
a4 Rxa5 12. Qc2 Nd7 13. Nb5 Ra6 14. Bb2 $5 h6 15. Nd2 f5 16. f4 exf4 17. Bxg7
Kxg7 18. Qc3+ $14 {Ghitescu,Th-Bologan,V/Galimanesti/1992/0,5 (35) Inf 54/612/}
) (11. dxc6 Nxc6 12. Bg5 (12. a6 bxa6 13. Rb1 Be6 14. Be3 Re8 15. Rb6 Qc7 $10 {
Taimanov,M-Boleslavsky,I/SSSR/1961/}) 12... Qxa5 13. Bxf6 Qxc3 14. Qxd6 Be6 15.
Bg5 Ra6 16. c5 Rxa2 $10 {Bonin,J-Ree,H/New York/1985/}) 11... Rxa5 12. Qc2 Ra6
13. Rfb1 Nd7 14. Qc1 $1 Kh8 15. Rb3 Ng8 16. g3 Bf6 17. Rab1 $14 {Lutz,
Ch-Dolmatov,S/Dortmund/1993/0,5 (33)/}) 11. Ne1 (11. Bd2 $5 Nd7 12. a4 f5 13.
Ng5) (11. Nd2 c5) 11... Nd7 12. Nd3 f5 13. Bd2 (13. f3 Nf6 14. a4 b6 15. Ba3
Ra8 16. Bb4 Nh5 17. a5 c5 $1 $10) 13... c5 $5 (13... Nf6 14. exf5 gxf5 (14...
Nxf5 $14) 15. f4 e4 16. Nf2 c5 17. Qc2 $14) 14. exf5 (14. f3 Ra6 15. Qc2 Nf6
16. Rab1 f4 17. Nf2 h5 $13) 14... gxf5 15. f4 Ng6 (15... e4 16. Nc1 $1 $14 (16.
Nf2 e3 $1 $19)) 16. Qc2 Ra6 17. Kh1 exf4 18. Nxf4 Nxf4 19. Bxf4 Ne5 20. Rab1 (
20. g3 $5) 20... Ng6 21. Bd2 (21. Be3 f4 22. Bf2 Bf5 23. Bd3 Bxd3 24. Qxd3 Ne5
25. Qe2 f3 $17) 21... Qh4 $5 {/\Be5/} 22. g3 (22. Be1 Qe7 23. Bd2 Qh4 $10)
22... Qh3 23. Nd1 $1 f4 $8 24. Nf2 (24. gxf4 $2 Bf5) 24... Qd7 25. Ne4 Qe7 $1 (
25... fxg3 26. Rxf8+ Nxf8 27. Nxg3 Ng6 28. Bd3 $16) 26. Bxf4 (26. gxf4 $2 Bf5
27. Bd3 Rxa2 $1 28. Qxa2 Bxe4+ 29. Bxe4 Qxe4+ 30. Kg1 Bd4+ 31. Rf2 Nh4 $19)
26... Nxf4 27. gxf4 $8 (27. Rxf4 Rxf4 28. gxf4 Rxa2 $1 29. Qxa2 Qxe4+ 30. Kg1
Bd4+ $19) 27... Bf5 28. Bd3 Rfa8 29. Ng3 $2 (29. Nc3 $5 Bxd3 30. Qxd3 Bxc3 31.
Qxc3 Qe4+ 32. Qf3 $8 Qxf3+ 33. Rxf3 Rxa2 34. Rxb7 Rc2 $10) 29... Bh3 $1 $17 30.
Rfe1 Qh4 31. Re2 Bg4 $1 32. Rxb7 $2 (32. Rf1 Bxe2 33. Bxe2 Rxa2 34. Qe4 $17)
32... Bf3+ 33. Kg1 Bd4+ 34. Kf1 Qxf4 35. Rf2 Rxa2 $19 36. Rb8+ (36. Qxa2 Rxa2
37. Rxa2 Bxd5+ $19) 36... Rxb8 (36... Rxb8 37. Qxa2 Qc1#) 0-1

[Event "Groningen PCA"]
[Site "Groningen"]
[Date "1993.??.??"]
[Round "4"]
[White "Chernin, Alexander"]
[Black "Polgar, Judit"]
[Result "1/2-1/2"]
[WhiteElo "2615"]
[BlackElo "2630"]
[Annotator "Ftacnik,L"]
[PlyCount "59"]
[EventDate "1993.12.??"]
[EventType "swiss"]
[EventRounds "11"]
[EventCountry "NED"]
[SourceTitle "CBM 039"]
[Source "ChessBase"]
[SourceDate "1994.04.01"]
[SourceVersion "1"]
[SourceVersionDate "1994.04.01"]
[SourceQuality "1"]

1. d4 Nf6 2. c4 g6 3. Nc3 Bg7 4. e4 d6 5. Nf3 O-O 6. Be2 e5 7. O-O Nc6 8. d5
Ne7 9. Nd2 a5 10. a3 Nd7 11. Rb1 f5 12. b4 Kh8 13. f3 Ng8 14. Qc2 Nh6 $5 (14...
Ndf6 15. c5 axb4 16. axb4 Nh5 17. g3 (17. Nc4 Nf4 (17... fxe4 18. fxe4 Rxf1+
19. Bxf1 Ngf6 20. cxd6 cxd6 21. Nb5 Bf8 22. Bg5 h6 23. Bh4 g5 24. Bf2 $14 {
Watanabe,A-Ong Chong Ghee/WchJ-Mamaia/1991/1-0 (40)}) 18. Be3 (18. cxd6 cxd6
19. Nb5 Ra6 20. Rb3 fxe4 21. fxe4 Bd7 22. Nc3 Ra1 23. Bxf4 Rxf1+ 24. Bxf1 $15 {
Khalifman,A-Kasparov,G/Paris act (2)/1991/0-1 (32)}) 18... Nf6 (18... Qg5 19.
Bd3 Bd7 20. Kh1 Qe7 $8 21. b5 $1 dxc5 $8 22. b6 c6 23. Bxf4 $1 exf4 24. e5 $36
{Epishin,V-Kindermann,S/Wien/1991/1-0 (40)}) 19. Kh1 (19. cxd6 cxd6 20. Nb5
fxe4 21. fxe4 Nxe4 22. Bxf4 Rxf4 23. Bd3 Nf6 24. Nbxd6 $36 {Hausrath,D-Sand,R/
Dortmund op-A (06)/1993/1-0 (46)}) (19. b5 fxe4 20. fxe4 Bg4 21. Bxf4 exf4 22.
Rxf4 Bxe2 23. Nxe2 dxc5 24. b6 $14 {Browne,W-Sherzer,A/USA-ch (07)/1992/0-1 
(59)}) (19. Ra1 Rxa1 20. Rxa1 fxe4 21. fxe4 Ng4 22. Bxg4 Bxg4 23. b5 Qg5 24.
Kh1 $13 {Lukacs,P-Sherzer,A/Eurodata(10)/1992/1-0 (39)}) 19... g5 20. cxd6 cxd6
21. Bb6 Qe7 22. Nb5 fxe4 23. fxe4 Nxe4 24. Bf3 $14 {Chuchelov,V-Wegener,D/
Dresden op/1992/1-0 (37)}) 17... Ngf6 18. Nb5 fxe4 19. fxe4 Bh3 20. Rf2 Qe7 21.
Rb3 {N} Bh6 22. Na3 Bd7 23. Rc3 Ng4 24. Rxf8+ $13 {Georgiev,Ki-Ehlvest,J/
Bruxelles/1992/}) 15. Nb5 axb4 16. axb4 Nf6 17. c5 Nh5 18. cxd6 cxd6 19. Nc4
Ra6 $1 20. g3 Nf7 21. Na5 Qb6+ 22. Kg2 Bd7 23. Na3 Raa8 24. Qd3 (24. N3c4 Qc7)
24... Qd8 25. Bd2 (25. Nxb7 Qc8 26. Na5 fxe4 27. fxe4 Bh3+) 25... Rb8 26. Rbc1
Ng5 27. Kh1 Nh3 28. Kg2 Ng5 29. Kh1 Nh3 30. Kg2 1/2-1/2

[Event "Groningen PCA"]
[Site "Groningen"]
[Date "1993.??.??"]
[Round "10"]
[White "Chernin, Alexander"]
[Black "Ehlvest, Jaan"]
[Result "0-1"]
[WhiteElo "2615"]
[BlackElo "2620"]
[Annotator "Belov,I"]
[PlyCount "100"]
[EventDate "1993.12.??"]
[EventType "swiss"]
[EventRounds "11"]
[EventCountry "NED"]
[SourceTitle "CBM 039"]
[Source "ChessBase"]
[SourceDate "1994.04.01"]
[SourceVersion "1"]
[SourceVersionDate "1994.04.01"]
[SourceQuality "1"]

1. d4 Nf6 2. c4 g6 3. Nc3 Bg7 4. e4 d6 5. Nf3 O-O 6. Be2 e5 7. O-O Nc6 8. d5
Ne7 9. Nd2 a5 10. Rb1 Nd7 11. a3 f5 12. b4 Kh8 13. f3 Ng8 14. Qc2 Ngf6 15. Bd3
f4 16. Be2 $5 {Chernin/} (16. Nb5 b6 17. Bb2 Rg8 $5 (17... Re8 18. c5 bxc5 $5
19. Nb3 a4 20. Na5 Nb8 21. Qxa4 g5 22. Qc2 g4 23. Nb3 Rg8 $13 {Browne,W-Kamsky,
G/Las Vegas/1993/}) (17... Ne8 18. Be2 h5 19. c5 $1 bxc5 20. bxc5 Nxc5 21. a4
Rf7 22. Rfc1 g5 23. Ba3 Bf8 24. Bxc5 dxc5 25. Nb3 $14 {Gurevich,M-Van Wely,L/
Wijk aan Zee/1993/1:0 (41) Inf 56/708/}) 18. c5 $1 bxc5 19. bxc5 Nxc5 20. Bxe5
Nxd3 21. Bxf6 Qxf6 22. Qxd3 Ba6 $1 23. a4 Rgb8 24. Kh1 Rb7 25. Rfc1 Rab8 $10 {
Gurevich,M-Ivanchuk,V/Biel(izt)/1993/0,5 (38) Inf 58/679/}) 16... Rg8 (16... h5
17. c5 $16 {Inf 57/621/}) (16... g5 $16 {Inf 57/620/}) 17. Na4 axb4 18. axb4
Bf8 19. c5 dxc5 $5 $146 (19... Be7 20. c6 bxc6 21. dxc6 Nf8 22. b5 Ne6 23. Bb2
g5 24. Bc4 g4 25. Qb3 Rg6 $13 {Chernin,A-Ehlvest,J/Podolsk/1993/0,5 (65)/}) 20.
Nxc5 (20. bxc5 $6 Rxa4 $1 21. Qxa4 Bxc5+ 22. Kh1 Nh5 $17) 20... Nxc5 21. bxc5
b6 22. Nb3 (22. cxb6 cxb6 23. Nb3 (23. Nc4 $2 Bc5+ 24. Kh1 Nh5 25. Nxe5 Qh4 26.
h3 Bxh3 $19)) 22... bxc5 23. Bd2 Bd6 24. Ra1 Rxa1 25. Rxa1 g5 $132 26. Be1 (26.
Ra8 $5 Qe7 27. Be1 g4 $13) 26... g4 27. Bh4 (27. Ra8 $5 gxf3 28. Bxf3 $13)
27... Qf8 28. Bxf6+ Qxf6 29. Nxc5 h5 $15 30. Ne6 Bd7 31. Kh1 (31. Nxc7 Rc8 32.
Ra7 Qd8 $19) 31... Qh4 $1 32. Rf1 Rg6 (32... Ra8 $5) 33. Qb3 Kh7 34. Qc4 Kh6
35. Qb3 (35. Nxc7 $2 g3 36. h3 Bxh3 $19) 35... Qe7 (35... Rg8 $5 {/\Ra8/}) 36.
Bc4 Rg8 37. Be2 Qh4 38. Qc2 Ra8 $1 39. Qb2 $6 (39. Qd1 $5 Ra2 40. fxg4 hxg4 41.
Bxg4 Bb5 42. Re1 Qf2 43. Bf3 $13) 39... Kh7 40. Qc2 Ra3 41. Qb1 (41. Qd1 $5)
41... Re3 42. Qd1 Kh6 $1 $17 43. Qd2 Kg6 44. Qd1 Kf6 45. fxg4 $6 (45. Qd2 $17)
45... hxg4 46. Bxg4 Bb5 47. Rg1 Qf2 48. h3 (48. Bf3 Bd3 49. Qc1 $6 Rxf3 50.
gxf3 Qxf3+ 51. Rg2 Bxe4 52. Qd2 Bxd5 $19) 48... Bd3 49. Bf5 Qh4 $22 50. Qc1
Bxe4 (50... Bxe4 51. Bxe4 Rxh3+) 0-1

[Event "Elenite"]
[Site "Elenite"]
[Date "1994.??.??"]
[Round "7"]
[White "Gurevich, Mikhail"]
[Black "Smirin, Ilia"]
[Result "1/2-1/2"]
[WhiteElo "2620"]
[BlackElo "2615"]
[Annotator "Ftacnik,L"]
[PlyCount "99"]
[EventDate "1994.??.??"]
[EventType "tourn"]
[EventRounds "9"]
[EventCountry "BUL"]
[EventCategory "15"]
[SourceTitle "CBM 044"]
[Source "ChessBase"]
[SourceDate "1995.02.01"]
[SourceVersion "1"]
[SourceVersionDate "1995.02.01"]
[SourceQuality "1"]

1. d4 Nf6 2. c4 g6 3. Nc3 Bg7 4. e4 d6 5. Nf3 O-O 6. Be2 e5 7. O-O Nc6 8. d5
Ne7 9. Nd2 a5 10. a3 Bd7 11. b3 Nc8 12. Rb1 Nb6 13. Qc2 Qe7 $5 (13... Bh6) 14.
b4 (14. Nb5 $6 c6 $1 $132) 14... axb4 15. axb4 Na4 16. Nxa4 (16. Nb5 $5 c6 $132
) 16... Bxa4 17. Qc3 Bh6 18. Qd3 $1 (18. f3 Nh5) 18... c6 19. Nf3 Bg7 $1 (19...
Bxc1 20. Rfxc1 $14) 20. Bg5 cxd5 21. cxd5 h6 22. Bd2 $1 (22. Bh4 g5 23. Bg3 Nh5
$132) 22... Bd7 23. Rbc1 (23. Rfc1 Nxe4 $5 24. Qxe4 Bf5 25. Qe3 Bxb1 26. Rxb1
Qd7 $13) 23... Qd8 24. Qb1 (24. b5 $2 Ra4 $17) 24... Nh5 25. g3 (25. b5 Nf4 26.
Bc4 f5 $132) 25... Bg4 (25... f5 $2 26. Nh4 $16) 26. Kg2 Qd7 27. Ng1 Bxe2 28.
Nxe2 f5 29. Nc3 $1 $14 (29. f3 fxe4 $1 30. fxe4 Qg4 $132) 29... Nf6 30. f3 Rfc8
31. Qd3 Rc7 (31... Ra3 32. Ra1 Rb3 33. Rfb1 Rxb1 34. Rxb1 $14) 32. Ne2 Rxc1 33.
Rxc1 Ra2 34. Rc2 $6 (34. Nc3 Ra3 (34... Rb2 35. Rb1 $14) 35. Qc4 $1 $14) 34...
fxe4 35. fxe4 Qa4 $1 $132 36. Rxa2 Qxa2 37. Kf3 Qa1 38. Kg2 Qa2 39. Nc3 Qb3 40.
b5 h5 $1 41. h3 $1 Bf8 (41... Kh7 42. g4 hxg4 43. hxg4 Nxg4 44. Qh3+ Nh6 45.
Bxh6 Bxh6 46. Qd7+ $10) 42. Kf3 Nd7 43. Be3 Be7 {/\ Bd8} 44. Ke2 $1 $10 Bd8 45.
Nb1 Qb2+ 46. Nd2 Ba5 (46... Bb6 47. Qb3 Qxb3 $10) 47. Qb3 Qc1 48. Qc4 Bxd2 (
48... Qh1 $2 49. Qc8+ Nf8 50. Qxb7 $16) 49. Qxc1 Bxc1 50. Bxc1 1/2-1/2

[Event "Munich SKA"]
[Site "Munich"]
[Date "1994.06.03"]
[Round "11"]
[White "Van der Sterren, Paul"]
[Black "Gelfand, Boris"]
[Result "1/2-1/2"]
[WhiteElo "2605"]
[BlackElo "2685"]
[Annotator "Gelfand,B"]
[PlyCount "74"]
[EventDate "1994.05.21"]
[EventType "tourn"]
[EventRounds "11"]
[EventCountry "GER"]
[EventCategory "16"]
[SourceTitle "CBM 042"]
[Source "ChessBase"]
[SourceDate "1994.10.01"]
[SourceVersion "1"]
[SourceVersionDate "1994.10.01"]
[SourceQuality "1"]

1. d4 Nf6 2. c4 g6 3. Nc3 Bg7 4. e4 d6 5. Nf3 O-O 6. Be2 e5 7. O-O Nc6 8. d5
Ne7 9. Nd2 a5 10. a3 Nd7 11. Rb1 f5 12. b4 Kh8 13. f3 Ng8 14. Qc2 Ngf6 15. Bd3
f4 16. Be2 Rg8 (16... h5) 17. Na4 Bf8 18. c5 axb4 19. axb4 Be7 (19... dxc5 {
Chernin-Ehlvest,Groningen,1993}) 20. Nc4 $1 $146 (20. c6 bxc6 21. dxc6 Nf8 22.
b5 Ne6 23. Bb2 g5 24. Bc4 g4 25. Qb3 Rg6 {Chernin-Ehlvest/1993/Podolsk/}) 20...
g5 21. b5 Rxa4 (21... b6 22. c6 $1 Nf8 23. Ncxb6 cxb6 24. c7 $18) 22. Qxa4 (22.
cxd6 $2 Rxc4) 22... Nxc5 23. Qc2 g4 (23... b6 24. Ba3 Ncd7 $16) 24. Ba3 g3 $6 (
24... b6 25. Bxc5 bxc5 26. b6 cxb6 27. Nxb6 (27. Rxb6 Qf8 28. Rb8 Qh6 29. fxg4
Nxg4 30. Bxg4 Bxg4 31. Rxg8+ Kxg8 $14) 27... gxf3 28. Bxf3 Ng4 29. Nxc8 Ne3 30.
Qa4 Qxc8 $44) 25. Bxc5 $6 (25. h3 $1 Qe8 (25... Qf8 26. Bxc5 Qh6 (26... Bxh3
27. gxh3 g2 28. Rf2 $18) 27. Nxe5 $18) (25... b6 26. Bxc5 bxc5 27. b6 $18) 26.
Nxe5 $1 dxe5 (26... Qh5 27. Ng4 $18) (26... Ncxe4 27. fxe4 dxe5 $16) 27. Bxc5
$16 Bxc5+ (27... Bd8 28. Bc4) 28. Qxc5 Qh5 29. Qe7 $1) 25... gxh2+ (25... Qf8
26. h3) (25... Qe8 26. h3 (26. hxg3 fxg3 (26... Rxg3 $5) 27. Be3 (27. f4 Qg6)
27... Qh5 28. Rfc1 $13) 26... Qh5 27. Nxe5 (27. Bd1 $1 Bxh3 (27... dxc5 28. b6
$16) 28. gxh3 Qxh3 (28... g2 29. Rf2 Rg3 30. Rxg2 Rxh3 31. Rh2 $18) 29. Qg2 $18
) 27... Bxh3 28. gxh3 Qxh3 29. Bd3 g2 30. Nf7+ Kg7 31. Qxg2+ Kxf7 $17) 26. Kxh2
(26. Kh1 $6) 26... Qf8 (26... Nh5 27. Rh1 $1 Ng3 (27... dxc5 28. Kg1 Ng3 29.
Rh2 $16) 28. Bf2 $18) 27. Nxe5 (27. Rh1 $1 dxc5 28. Kg1 $16) 27... dxe5 (27...
Qh6+ 28. Kg1 Rxg2+ 29. Kxg2 Qh3+ $10) 28. Bxe7 Qxe7 (28... Rxg2+ 29. Kxg2 Qg7+
$10) 29. Rfc1 (29. Rh1 $5) 29... Nh5 30. Bf1 (30. Qxc7 $2 Qh4+ 31. Kg1 Rxg2+
32. Kxg2 Bh3+ 33. Kh1 Ng3+ $19) 30... Ng3 31. Kg1 Qh4 (31... Bh3 32. b6 $1 {
Huebner} (32. gxh3 $4 Ne2+ 33. Kf2 Nd4 $1 $19) 32... cxb6 33. Rxb6 Nxf1 34.
Kxf1 Rxg2 35. Qxg2 Bxg2+ 36. Kxg2 $16) (31... Qg5 32. b6 Bh3 33. bxc7 Nxf1 34.
c8=Q $18) 32. Qxc7 $1 (32. Qb2 $2 Rg5 33. Rxc7 Qh1+ 34. Kf2 Nxf1 35. Rxc8+ Kg7
36. Ke1 Ne3+ 37. Kd2 Qxg2+ 38. Kd3 Qxf3 $19) 32... Ne2+ 33. Bxe2 Rxg2+ 34. Kxg2
Bh3+ 35. Kh1 $8 Bg4+ 36. Kg1 Qg3+ 37. Kh1 Qh3+ 1/2-1/2

[Event "Donner Memorial"]
[Site "Amsterdam"]
[Date "1996.08.22"]
[Round "5"]
[White "Ivanchuk, Vassily"]
[Black "Van Wely, Loek"]
[Result "1/2-1/2"]
[WhiteElo "2730"]
[BlackElo "2605"]
[Annotator "Hazai,L"]
[PlyCount "98"]
[EventDate "1996.08.17"]
[EventType "tourn"]
[EventRounds "11"]
[EventCountry "NED"]
[EventCategory "16"]
[SourceTitle "CBM 055"]
[Source "ChessBase"]
[SourceDate "1996.12.01"]
[SourceVersion "1"]
[SourceVersionDate "1996.12.01"]
[SourceQuality "1"]

1. c4 g6 2. d4 Nf6 3. Nc3 Bg7 4. e4 d6 5. Nf3 O-O 6. Be2 e5 7. O-O Nc6 8. d5
Ne7 9. Nd2 a5 10. a3 Nd7 11. Rb1 f5 12. b4 Kh8 13. Qc2 Ng8 14. exf5 {The
Kerteminde line is still rather popular, because White avoids  the threats of
a devastating kingside attack and the fight focuses in the centre.} gxf5 15. f4
exf4 16. Nf3 Ndf6 17. Bd3 {is against the immediate Ne4.} (17. Bxf4 Ne4 $1)
17... axb4 18. axb4 Ne7 {This is the typical plan here to improve the position
of the N on g8 heading for e5.} (18... c6 19. Bxf4 (19. dxc6 bxc6 20. Ne2 $1
$14 {is worthy of consideration.}) 19... Ne4 $1 {Piket} (19... cxd5 20. Nxd5
$14)) (18... Nh5 19. Ne2 Ngf6 20. Bxf5 (20. Nxf4 Nxf4 21. Bxf4 Ne4) 20... Bxf5
21. Qxf5 Qd7 (21... Qe8 22. Ned4 Ne4 23. Qe6 Nc3 24. Rb2 $14 {Ulybin}) 22. Qxd7
Nxd7 23. Ned4 Nb6 24. Ne6 Nxc4 (24... Rf7 25. Nxg7 $1 Nxg7 26. Nd2 $14) 25.
Nxf8 Rxf8 26. b5 $1 $14 {Ulybin-Iskusnyh, Russia (ch) 1995}) 19. Ne2 $1 {
White wants to take the f4 pawn with his N and put the bishop on the long
diagonal to exchange the wonderful Bg7.} (19. Bxf4 Ng6) 19... Ng6 20. Nxf4 Nxf4
21. Bxf4 Ne4 22. Bc1 $1 {Following the right plan.} Bd7 23. Bb2 $1 Qe7 24. Rbe1
Rae8 25. Re2 (25. Nd4 {deserves serious attention here, for example:} Qh4 (
25... Be5 26. Nxf5 $1) (25... Qe5 26. Ba1 $16) 26. g3 Qg4 (26... Nxg3 27. Nf3
$1) 27. Ne6 Bxe6 28. dxe6 Nxg3 $2 29. Bxg7+ Qxg7 30. hxg3 Qxg3+ 31. Kh1 $1 Qh3+
32. Qh2 Qxd3 33. Qb2+ Kg8 34. Rg1+ $18) 25... c6 $1 {blowing up the centre} 26.
dxc6 bxc6 27. Ra1 d5 28. cxd5 (28. c5 {comes into consideration.}) 28... cxd5
29. Bxg7+ Qxg7 30. Qb2 Nc3 $1 $10 {This strong N secures Black of equal
chances.} 31. Rxe8 Rxe8 32. Kf1 Bb5 $1 33. Bxb5 Nxb5 34. Qxg7+ Kxg7 35. Ra5 Rb8
36. Ke2 Rb6 37. Ne5 Re6 38. Rxb5 Rxe5+ 39. Kf3 Kf6 40. Rb6+ Kg5 41. Rd6 Re4 42.
b5 d4 43. Kf2 Re5 44. h4+ Kh5 45. b6 Rb5 46. g3 Rb3 47. Rxd4 Rxb6 48. Kf3 Kg6
49. Kf4 Kf6 1/2-1/2